| 000 | 00467 a2200157 4500 | ||
|---|---|---|---|
| 082 | _a512.5 | ||
| 090 |
_c3556 _d3556 |
||
| 100 | _aShores, Thomas S. | ||
| 245 |
_aApplied linear algebra and matrix analysis _cThomas S. Shores |
||
| 250 | _a2nd {rev} | ||
| 260 |
_aNew York : _bMcGraw-Hill Co. Inc., _c2000. |
||
| 300 |
_a xii, 393 p. : _b ill. ; _c25 cm. |
||
| 500 | _aIncludes Index | ||
| 650 | _a1.Algebras, Linear.2.Matrix analytic methods. | ||
| 942 |
_cBK _k512.5 SHO |
||
| 999 |
_c7463 _d7463 |
||